000 00587cab a2200205 4500
001 ##ABS44250
008 090401t1991 xxu||||| |||| 00| 0 eng d
035 _a(Sirsi) u46136
041 0 _aeng
100 1 _aWilliams, K.
245 0 0 _aWhat kind of EC regional policy?
260 _c1991
350 _a0
490 0 _aLocal Economy
_v5(4) February 1991, 330-346(9)
520 _aExamines what type of regional policy the EC needs to adopt in the lead up to the single market in 1992. References.
651 4 _aEUROPE
690 _aPROPERTY
942 _n0
948 _c04/03/1997
999 _c29194
_d29194